000 00668nam a2200241 i 4500
001 C2-0281208
003 PPAK
005 20180728011852.0
008 070807s2006 si |||| ||||| | eng d
020 _a9812303723
040 _aPPAK
_beng
_cPPAK
_erda
082 0 4 _a959
_223
090 0 0 _a959
_bSOU
_dR
245 0 0 _aSoutheast Asian affairs 2006
264 1 _aSingapore :
_bInstitute of Southeast Asian Studies ,
_c2006
300 _axvi, 365 pages ;
_c26 cm
336 _2rdacontent
_atext
337 _2rdamedia
_aunmediated
338 _2rdacarrier
_avolume
650 1 0 _aSoutheast Asia - Periodicals.
700 1 _aSight, Daljit,
_eeditor
942 _ddc
_cB
999 _c87582
_d87582